Quizzes
Events
Quiz Creation
Community
Videos
Private Events
Remove Ads
Sign In
Join for FREE
Feedback
Dark Mode
Quiz Categories
Sports
Geography
Music
Movies
Television
Just For Fun
Miscellaneous
History
Literature
Language
Science
Gaming
Entertainment
Religion
Holiday
For Kids
Quiz Lab
Recent
Popular Today
Quiz Kudos Today
Editor Picks
Curator Picks
Quizzes by...
Day
Popularity
Type
Ratings
Length
Year
Community
Subscriptions
Recent Discussions
Orange Saloon
Badges
Playlists
Quests
Create
Leaderboards
Showdown
Live 5
Trivia Bingo
Activity
Puzzle Library
Sporcle Events
Private Events
Virtual Trivia
Globe League
Become a Host
Pub Owners
SporcleCon
Opinionation
Our Games
Videos
Blog
Mobile Apps
Partnerships
Remove Ads and Go Orange
Feedback
Miscellaneous
Crossword
General Knowledge
Baby Names
Logo
Food
Cars
Numbers
Grab Bag
University
College
Popular
Company
Slogans
Restaurants
Justice
Letter
Miscellaneous
Crossword
General Knowledge
Baby Names
Logo
Food
Cars
Numbers
Grab Bag
University
College
Popular
Company
Slogans
Restaurants
Justice
Letter
Random Quiz
Search Sporcle
×
Quiz Lab
Quiz Lab
Miscellaneous
Baby Names
Type in answers that appear in a list
Type in answers that appear in a list
Classic
Best Score? Go Orange.
Baby names: boys (Slovakia 2010) Stats
Can you name the most popular names given to boys in Slovakia in 2010?
By
jakubkonecny731
6m
54 Questions
143 Plays
143 Plays
143 Plays
Comments
Comments
Give Quiz Kudos
Give Quiz Kudos
-
- Ratings
hide this ad
More Info
Replay
Link that replays current quiz
Next Quiz
Link to next quiz in quiz playlist
You Got
0%
They Got
Avg Score
50%
Avg Friend Score
Upgrade to see
Score Distribution
Jump to the score distribution portion of the page
Score
0/54
Timer
06:00
0
Plays Today
Count
Name
% Correct
634
Peter
88.1%
935
Martin
82.5%
978
Tomáš
81.1%
1195
Samuel
76.2%
422
Ján
75.5%
839
Adam
75.5%
598
Dávid
72%
1248
Jakub
69.2%
499
Daniel
68.5%
156
Róbert
67.1%
289
Andrej
66.4%
581
Alex
64.3%
809
Michal
63.6%
934
Filip
61.5%
469
Richard
60.8%
515
Marek
60.8%
726
Patrik
60.1%
746
Matej
59.4%
315
Jozef
59.4%
398
Pavol
58%
244
Alexander
56.6%
788
Matúš
56.6%
160
Ondrej
56.6%
205
Erik
55.9%
208
Miroslav
55.2%
538
Dominik
52.4%
144
Štefan
52.4%
Count
Name
% Correct
107
Vladimír
51%
295
Juraj
50.3%
498
Oliver
50.3%
138
Leonard
50.3%
145
Simon
47.6%
111
Jaroslav
46.9%
101
Gabriel
45.5%
121
Marián
43.4%
222
Denis
43.4%
169
Viktor
42%
164
Roman
40.6%
119
Ladislav
40.6%
492
Sebastián
37.1%
258
Adrián
37.1%
258
Nikolas
35.7%
184
Kevin
32.9%
139
Boris
32.2%
955
Lukáš
32.2%
100
Viliam
30.8%
126
Branislav
25.9%
314
Tobias
25.9%
166
Damián
25.2%
108
Tadeáš
23.8%
639
Šimon
23.1%
234
Timotej
22.4%
424
Kristián
18.9%
212
Marko
18.2%
Quiz Playlist
Details
Report
Send in Message
Add To Playlist
More Info:
Names that were given to at least 100 boys.
Classic:
Type in answers that appear in a list
Last Updated: Jun 1, 2017
Quiz Scoreboard
CHALLENGE
Sign Up to Join the Scoreboard
Show All
Scores
Hide
Comments
May contain spoilers
Recently Published
1-10 Letter E Words III
by El_Dandy
Language
2m
One Thing in Common: World Cities II
by knightlancer
Geography
7m
Popular People in 1961
by mucciniale
History
6m
More to Explore
Quiz From the Vault
Featured Blog Post
Where Did the Easter Bunny Come From?
hide this ad
You Might Also Like...
Tags
Baby Names Quiz
Birth Name
Boys Names
Today's Top Quizzes in Miscellaneous
Browse Miscellaneous
hide this ad
Today's Top Quizzes in Baby Names
Browse Baby Names
Top Contributed Quizzes in Miscellaneous
1
The JOE quick-fire general knowledge quiz: Day 173
2
The JOE quick-fire general knowledge quiz: Day 172
3
Sunday Crossword: Famous Bodies of Water
4
Named After an Animal - Odd One Out!
5
sort kpop groups by number of members
6
One Thing in Common: United Kingdom II
7
The JOE quick-fire general knowledge quiz: Day 171
8
Lays Potato Chip Flavour Contest Finalists
9
The JOE quick-fire quiz: Day 170
10
Sunday Crossword: Themeless #5
Explore More
Trending Topics
Marvel
Kpop
NBA
Disney
Crossword
Harry Potter
Anime
Puzzle
WWE
Soccer
Song
NFL
Pokémon
Country
The Office
hide this ad
More By:
jakubkonecny731
Quiz
Plays
Rating
Category
Featured
Created
100 longest rivers of Europe
1,508
4.75
Geography
Oct 19, 2018
ASEAN Leaders (Philippines 2017)
1,333
5.00
History
Jul 21, 2017
Most capped Springboks
588
5.00
Sports
Apr 10, 2020
Mumford and Sons - Believe lyrics
348
4.50
Music
May 14, 2017
Mumford and Sons - Ditmas lyrics
303
5.00
Music
Jul 10, 2017
Go to Creator's Profile
Score Distribution
Quiz Creator Spotlight
jakubkonecny731
Follow
Send a Message
Quizzes Created
-
Created Quiz Play Count
-
More By This Creator
Popular Quizzes Today
1
Find the US States - No Outlines Minefield
2
The Countries of the World
3
Popular People in 1961
4
Find the Countries of Europe - No Outlines Minefield
5
1-10 Letter E Words III
6
Find the US States
7
One Thing in Common: World Cities II
8
US States
More Miscellaneous Quizzes
TinyGrid: Sporcle Subcategories pt. 2
Quiz Lab
Trending Quizzes
1-10 Letter F Words
1-10 Letter G Words
Risky Map Clicking: Next State Alphabetically
1-10 Letter F Words II
Risky Map Clicking: States by Unique Starting Letters
Recently Updated
Leaping Animals
pecheneg
Reality TV Shows (A-Z)
bhenderson79
Rickey Henderson's Hall of Fame Teammates
pecheneg
Champions League XIs: Arsenal
pecheneg
Quick Pick: Celebrities in WWE's Hall of Fame
aduchscher
A-Z Keypad Blitz II
pecheneg
Multiple Oscar Actors
pecheneg
Mystery Phrase Blitz: Oscar 'Best Actors'
pecheneg
F. Scott Fitzgerald Novels
LTH
Pick 3 Villains
ddd62291
Trending Topics
Marvel
Anime
NBA
Crossword
Kpop
Harry Potter
Disney
Pokémon
Puzzle
Soccer
NFL
Country
WWE
Song
The Office
Your Account Isn't Verified!
In order to create a playlist on Sporcle, you need to verify the email address you used during registration. Go to your
Sporcle Settings
to finish the process.
Report this User
Report this user for behavior that violates our
Community Guidelines
.
Details:
Send Report
Go to the Sporcle.com Mobile Site →
Comments